000 00836nam a2200277Ia 4500
001 Z_1485
003 CHAP
008 220113s1992 xx 000 0 und d
010 _a164574
040 _cCHAP
090 _aTesis S 757
100 _aSerrato Pérez, José Alonso
_9105273
245 _aEfecto del nivel de energía sobre el comportamiento reproductivo de cerdas gestantes /
_cpor José Alonso Serrato Pérez
260 _aChapingo, Méx. :
_bEl autor,
_c1992
300 _a57 h.
502 _aTesis (Ing. Agr. Esp. en Zootecnia) -- UACH. Departamento de Zootecnia
650 _aEnergía metabólica
_936906
650 _aGanado porcino
_xFecundidad
_945369
650 _aGanado porcino
_xNutrición
_945390
901 _aTESIS S 757
902 _aM
910 _a1992
942 _c2
942 _c2
999 _c164574
_d164574